00395nam a22001097a 4500008004100000040005500041080001500096245006800111260006900179300001600248650002100264230410b |||||||| |||| 00| 0 eng d aNational Science LibrarycNational Science Library a338(5)bK1 aEconomic survey of Asia and the Far East 1961c/ United Nations aBangkok: bEconomic Commission for Asia and the Far East, c1962 aviii, 215p. aEconomic history